Paroles Tombé pour elle (L'île aux oiseaux)-Pascal Obispo - Statistiques

Statistiques générales
  • Ce quiz a été pris 78 fois
  • Le résultat moyen est 208 sur 308
Statistiques - réponses
Réponse % Correct
je
99%
Je
99%
à
97%
elle
96%
pour
96%
Pour
96%
suis
96%
tombé
94%
le
93%
Le
93%
Tu
93%
Ma
91%
ma
91%
oiseaux
91%
que
91%
aux
88%
d'yeux
87%
L'île
87%
Lîle
87%
n'ai
87%
tour
87%
Eiffel
85%
la
85%
La
85%
me
85%
de
84%
les
79%
Les
79%
maison
79%
amour
78%
es
76%
l'eau
76%
mes
75%
ne
75%
Quand
72%
qui
72%
amours
71%
du
71%
sur
71%
est
69%
Et
68%
et
68%
Moi
68%
prennent
68%
des
66%
Mon
65%
mon
65%
se
63%
ciel
62%
Si
59%
Terre
57%
mal
56%
l'amour
54%
partout
54%
toi
54%
voyait
54%
encore
53%
tombée
53%
Rien
51%
coeur
50%
d'hier
50%
mer
50%
douleurs
49%
Jamais
47%
personne
47%
dérive
46%
perpétuité
46%
Sans
46%
Turutu
44%
turutu
44%
turututu
44%
n'efface
43%
résonne
41%
avec
40%
bien
40%
marées
40%
autant
38%
jetée
38%
perd
38%
pilotis
38%
revenir
38%
canon
37%
J'ai
37%
manquer
37%
n'aurais
37%
pleuré
37%
joie
35%
terres
34%
étoiles
32%
amères
31%
Arcachon
31%
Au-dessus
31%
Ici
31%
Pourraient
29%
Refuge
29%
chevaux
28%
feront
28%
reste
28%
l'été
26%
Babel
25%
C'est
25%
Ferret
25%
pied
25%
pointe
22%
d'éponge
21%
englouties
21%
glaces
21%
Pyla
21%
perdre
19%
poubelle
18%
quitte
18%
citadelle
15%
Piquey
15%
Arguin
10%
Fredéliand
9%
repère
9%
phare
7%
Stop
7%
cinéma
6%
oasis
4%
Aucun quiz correspondant
Distribution des résultats
% des personnes avec chaque résultat
Percentile par nombre de réponses
Votre historique - résultats
Vous n’avez pas pris ce quiz